Clickable John Bellairs Books Quiz Stats

 Plays Quiz not verified by Sporcle

Also try: Daenerys' Titles
Challenge
Share
Tweet
Embed
Score 0/19 Timer 06:00
0 Plays Today
% Correct
Clock
59.6%
Doom
56.1%
Killer
50.9%
Mist
47.4%
Mirror
38.6%
Yesterday
36.8%
Underground
36.8%
Figure
35.1%
Figurine
31.6%
Revenge
31.6%
% Correct
Secret
29.8%
Skull
29.8%
Drum
29.8%
Treasure
28.1%
Witch-finder
28.1%
Opera
26.3%
Lamp
24.6%
Ring
21.1%
Will
21.1%

You're not logged in!

Compare scores with friends on all Sporcle quizzes.
OR
Log In

You Might Also Like...

Show Comments

Extras

Top Quizzes Today


Score Distribution

Your Account Isn't Verified!

In order to create a playlist on Sporcle, you need to verify the email address you used during registration. Go to your Sporcle Settings to finish the process.

Report this User

Report this user for behavior that violates our Community Guidelines.

Details: